000 00503nam a2200145 a 4500
005 20140414132108.0
008 110112s19uu xx 00 eng d
050 _aREF 591
_bSt9 1990
100 _aStuart, Gene S.
245 _aOur amazing animal friends /
_cby Gene S. Stuart.
260 _aWashington, D.C :
_bNational Geographic Society,
_cc1990.
520 _aIntroduces recordholders of the animal world, including the largest lizard and the fastest mammal
650 _aAnimals.
999 _c114658
_d114658